[Event "First Saturday 2009 augusztus IM-A"]
[Site "Budapest"]
[Date "2009.08.01"]
[Round "1"]
[White "Kahn, Evart dr"]
[Black "Szalanczy, Emil"]
[Result "1/2-1/2"]
[WhiteElo "2281"]
[BlackElo "2318"]
[PlyCount "25"]
[EventDate "2009.08.01"]

1. e4 c5 2. Nf3 d6 3. d4 cxd4 4. Nxd4 Nf6 5. Nc3 g6 6. Be3 Bg7 7. f3 O-O 8. Qd2
Nc6 9. O-O-O d5 10. Nxc6 bxc6 11. exd5 Nxd5 12. Nxd5 cxd5 13. Qxd5 1/2-1/2

[Event "First Saturday 2009 augusztus IM-A"]
[Site "Budapest"]
[Date "2009.08.01"]
[Round "1"]
[White "Simonyi, Zoltan"]
[Black "Levitzky, Tibor"]
[Result "0-1"]
[WhiteElo "2249"]
[BlackElo "2357"]
[PlyCount "66"]
[EventDate "2009.08.01"]

1. Nf3 c5 2. c4 Nc6 3. d4 cxd4 4. Nxd4 Nf6 5. Nc3 Qb6 6. Nb3 e6 7. g3 Ne5 8. e4
Bb4 9. Qe2 d6 10. f4 Nc6 11. Be3 Bxc3+ 12. bxc3 Qc7 13. Bg2 O-O 14. c5 dxc5 15.
Bxc5 Rd8 16. e5 Na5 17. Qb5 Nxb3 18. axb3 Bd7 19. Qb4 Bc6 20. O-O Bxg2 21. Kxg2
Qc6+ 22. Kh3 Rd2 23. Rf2 Nd5 24. Rxd2 Nxb4 25. Bxb4 h6 26. Rad1 a5 27. Rd8+
Rxd8 28. Rxd8+ Kh7 29. Bxa5 Qb5 30. Bb4 Qf1+ 31. Kg4 Kg6 32. Rg8 Qg2 33. h3
Qe2+ 0-1

[Event "First Saturday 2009 augusztus IM-A"]
[Site "Budapest"]
[Date "2009.08.01"]
[Round "1"]
[White "Lyell, Mark"]
[Black "Szabo, Bence"]
[Result "1/2-1/2"]
[WhiteElo "2288"]
[BlackElo "2243"]
[PlyCount "123"]
[EventDate "2009.08.01"]

1. e4 c5 2. Nc3 d6 3. f4 g6 4. Nf3 Bg7 5. Bb5+ Bd7 6. Bc4 e6 7. O-O Ne7 8. d3
O-O 9. Qe1 Nbc6 10. Qh4 Nd4 11. f5 Nec6 12. Bg5 f6 13. fxe6 Bxe6 14. Bxe6+ Nxe6
15. Bh6 Ncd4 16. Nxd4 Nxd4 17. Rf2 f5 18. Bg5 Qd7 19. Nd5 Nc6 20. Nf6+ Bxf6 21.
Bxf6 Qe6 22. Bc3 fxe4 23. Qxe4 Qxe4 24. dxe4 Rxf2 25. Kxf2 Kf7 26. Ke3 b5 27.
Rf1+ Ke7 28. g4 b4 29. Bf6+ Ke6 30. g5 Rf8 31. Rf4 Nb8 32. b3 Nd7 33. Bg7 Rxf4
34. Kxf4 d5 35. exd5+ Kxd5 36. c4+ bxc3 37. Bxc3 Nf8 38. Ke3 Ne6 39. Bf6 Nc7
40. Kd3 Ne8 41. Be7 Ng7 42. Bd8 Nf5 43. Bc7 Nd4 44. Bf4 Ne6 45. Be3 Nd8 46. Kc3
Nc6 47. a3 a5 48. Bf4 Nd4 49. Bd2 Nb5+ 50. Kb2 Nd4 51. Bxa5 Nf3 52. Bd8 Nxh2
53. Kc3 Ng4 54. a4 h5 55. gxh6 Nxh6 56. a5 Nf7 57. a6 Kc6 58. a7 Kb7 59. Bb6
Nd6 60. Bxc5 Ne4+ 61. Kd4 Nxc5 62. Kxc5 1/2-1/2

[Event "First Saturday 2009 augusztus IM-A"]
[Site "Budapest"]
[Date "2009.08.01"]
[Round "1"]
[White "Villwock, Martin"]
[Black "Farago, Sandor"]
[Result "1-0"]
[WhiteElo "2251"]
[BlackElo "2244"]
[PlyCount "91"]
[EventDate "2009.08.01"]

1. e4 c5 2. Nf3 d6 3. d4 cxd4 4. Qxd4 a6 5. c4 Nc6 6. Qd3 Nf6 7. Nc3 Bg4 8. Be2
Rc8 9. b3 b5 10. Nd2 Ne5 11. Qd4 Bxe2 12. Nxe2 bxc4 13. O-O Qc7 14. f4 Nc6 15.
Qxc4 Qb6+ 16. Kh1 Ng4 17. Nf3 Nf2+ 18. Rxf2 Qxf2 19. Qxa6 Kd7 20. Qd3 Qf1+ 21.
Nfg1 e6 22. Rb1 Qf2 23. Be3 Qh4 24. b4 Qd8 25. b5 Na5 26. b6 Nb7 27. Nf3 Ke7
28. f5 Qd7 29. fxe6 fxe6 30. Nf4 Qa4 31. Nxe6 Qxa2 32. Nc7 Kf7 33. e5 Kg8 34.
Rf1 Be7 35. Bg5 Nc5 36. Qb5 Bf8 37. e6 h6 38. Be3 Nxe6 39. Qd7 Rd8 40. Qxe6+
Qxe6 41. Nxe6 Rb8 42. Nfd4 Rxb6 43. Nxf8 g5 44. Nde6 Rb3 45. Bd4 Rh7 46. Nxh7
1-0

[Event "First Saturday 2009 augusztus IM-A"]
[Site "Budapest"]
[Date "2009.08.02"]
[Round "2"]
[White "Szalanczy, Emil"]
[Black "Farago, Sandor"]
[Result "1/2-1/2"]
[WhiteElo "2318"]
[BlackElo "2244"]
[PlyCount "41"]
[EventDate "2009.08.01"]

1. e4 c6 2. d4 d5 3. Nc3 dxe4 4. Nxe4 Nd7 5. Nf3 Ngf6 6. Nxf6+ Nxf6 7. Be2 Bf5
8. O-O h6 9. c3 e6 10. Bf4 Bd6 11. Bxd6 Qxd6 12. Ne5 O-O 13. Bd3 Bxd3 14. Qxd3
c5 15. Rad1 Rad8 16. Qe2 cxd4 17. Rxd4 Qc7 18. Rfd1 Rxd4 19. Rxd4 Rd8 20. Rxd8+
Qxd8 21. h3 1/2-1/2

[Event "First Saturday 2009 augusztus IM-A"]
[Site "Budapest"]
[Date "2009.08.02"]
[Round "2"]
[White "Levitzky, Tibor"]
[Black "Lyell, Mark"]
[Result "1-0"]
[WhiteElo "2357"]
[BlackElo "2288"]
[PlyCount "83"]
[EventDate "2009.08.01"]

1. e4 e5 2. Nf3 Nc6 3. Bb5 f5 4. Nc3 fxe4 5. Nxe4 Nf6 6. Qe2 d5 7. Nxf6+ gxf6
8. O-O Bg7 9. Nd4 Qd6 10. Qh5+ Kd8 11. Nxc6+ bxc6 12. Be2 Be6 13. d3 Kd7 14.
Bg4 Raf8 15. Bxe6+ Qxe6 16. f4 f5 17. fxe5 Bxe5 18. Bh6 Bxb2 19. Rae1 Qf7 20.
Qh3 Re8 21. Rxe8 Rxe8 22. Rxf5 Bd4+ 23. Kf1 Qe6 24. Rf7+ Re7 25. Qxe6+ Kxe6 26.
Rxe7+ Kxe7 27. Bf4 Kd7 28. c4 a6 29. g4 Ke6 30. Ke2 Be5 31. Bxe5 Kxe5 32. Ke3
a5 33. h4 d4+ 34. Kf3 c5 35. a4 c6 36. g5 Kf5 37. Kg3 Ke5 38. Kg4 Ke6 39. Kf4
Ke7 40. Kf5 Kf7 41. h5 Ke7 42. Ke5 1-0

[Event "First Saturday 2009 augusztus IM-A"]
[Site "Budapest"]
[Date "2009.08.03"]
[Round "3"]
[White "Simonyi, Zoltan"]
[Black "Szalanczy, Emil"]
[Result "0-1"]
[WhiteElo "2249"]
[BlackElo "2318"]
[PlyCount "104"]
[EventDate "2009.08.01"]

1. e4 c5 2. c3 d6 3. d4 Nf6 4. Bd3 g6 5. h3 Bg7 6. Nf3 O-O 7. O-O Nc6 8. Re1 e6
9. dxc5 dxc5 10. Bg5 c4 11. Bc2 e5 12. Na3 Be6 13. Qe2 b5 14. Nxb5 Rb8 15. a4
a6 16. Na3 Rxb2 17. Rac1 Na5 18. Nxe5 Qc7 19. Nf3 Qc5 20. Nb1 Nb3 21. Rcd1 Re8
22. Bf4 Nd7 23. Rd6 Ne5 24. Nxe5 Bxe5 25. Bxe5 Qxe5 26. Red1 Nc5 27. R6d2 Qg5
28. Kh1 Ra2 29. f3 Nb3 30. Bxb3 cxb3 31. c4 Rxa4 32. Rc1 Rc8 33. Qd1 Ra2 34. c5
Rxd2 35. Qxd2 Qxd2 36. Nxd2 a5 37. Kg1 a4 38. Nb1 Rd8 39. Na3 Rd2 40. c6 Ra2
41. Nb1 Rc2 42. Rd1 Rxc6 43. Kf2 Rc2+ 44. Ke3 Rxg2 45. Rd4 Ra2 46. Nc3 b2 47.
Rb4 a3 48. h4 Ra1 49. Kd2 Kg7 50. f4 Rh1 51. Rb5 Rh2+ 52. Kd3 a2 0-1

[Event "First Saturday 2009 augusztus IM-A"]
[Site "Budapest"]
[Date "2009.08.03"]
[Round "3"]
[White "Lyell, Mark"]
[Black "Kahn, Evart dr"]
[Result "1-0"]
[WhiteElo "2288"]
[BlackElo "2281"]
[PlyCount "65"]
[EventDate "2009.08.01"]

1. e4 Nf6 2. Nc3 e5 3. g3 Bc5 4. Bg2 d6 5. Na4 Bd4 6. Ne2 Bd7 7. Nxd4 exd4 8.
b3 O-O 9. O-O Bc6 10. d3 Nbd7 11. c4 Bxa4 12. bxa4 a5 13. Rb1 Rb8 14. f4 Ne8
15. Bd2 b6 16. Be1 f5 17. exf5 Rxf5 18. Bf2 c5 19. Re1 Nc7 20. Qf3 d5 21. g4
Rf8 22. cxd5 Nf6 23. Re5 Qd7 24. f5 Rfe8 25. Rbe1 Rxe5 26. Rxe5 Rd8 27. Bh4
Qxa4 28. g5 Nfxd5 29. g6 Nf6 30. Bxf6 gxf6 31. Re7 Nd5 32. Rxh7 Ne3 33. Rh8+
1-0

[Event "First Saturday 2009 augusztus IM-A"]
[Site "Budapest"]
[Date "2009.08.03"]
[Round "3"]
[White "Kormos, Adam"]
[Black "Levitzky, Tibor"]
[Result "0-1"]
[WhiteElo "2195"]
[BlackElo "2357"]
[PlyCount "86"]
[EventDate "2009.08.01"]

1. e4 c5 2. Nf3 d6 3. d4 cxd4 4. Nxd4 Nf6 5. Nc3 Nc6 6. Be2 e5 7. Nb3 Be7 8.
Be3 a5 9. Nd2 O-O 10. Nc4 Be6 11. Nb6 Rb8 12. f3 Nh5 13. Qd2 Nf4 14. Bf1 Nd4
15. Bxd4 exd4 16. Ncd5 Nxd5 17. Nxd5 Bxd5 18. exd5 Bf6 19. O-O-O b5 20. Bd3 b4
21. h4 Re8 22. g4 Re3 23. f4 Qc7 24. Kb1 a4 25. g5 Be7 26. Rde1 Qc5 27. Qg2 b3
28. Rxe3 bxa2+ 29. Kxa2 Qb4 30. Rb1 dxe3 31. Qf3 Qd4 32. h5 Rb4 33. f5 Bxg5 34.
c3 Qf4 35. Qe2 Rb8 36. Rf1 Qe5 37. Bc4 h6 38. Qc2 Qe8 39. f6 Bxf6 40. Qg2 Bg5
41. Bd3 Qe7 42. Qg4 Qb7 43. Qg2 Qb3+ 0-1

[Event "First Saturday 2009 augusztus IM-A"]
[Site "Budapest"]
[Date "2009.08.03"]
[Round "3"]
[White "Villwock, Martin"]
[Black "Szabo, Bence"]
[Result "1-0"]
[WhiteElo "2251"]
[BlackElo "2243"]
[PlyCount "83"]
[EventDate "2009.08.01"]

1. e4 c5 2. Nf3 d6 3. d4 cxd4 4. Nxd4 Nf6 5. Nc3 Nc6 6. Bg5 e6 7. Qd2 Qb6 8.
Nb3 Be7 9. O-O-O O-O 10. f3 Rd8 11. Qe1 a6 12. g4 Qc7 13. Be3 b5 14. g5 Nd7 15.
Qf2 Rb8 16. h4 Nb6 17. Kb1 b4 18. Ne2 Ne5 19. Bc1 Nec4 20. h5 d5 21. Ned4 Bb7
22. g6 Bf6 23. gxf7+ Qxf7 24. Bh3 Re8 25. Nc5 Bc8 26. Nc6 Ra8 27. Qg3 e5 28.
exd5 Nxd5 29. Ne4 Bxh3 30. Rxh3 Rac8 31. Na5 Red8 32. Nxc4 Rxc4 33. Rhh1 Rcc8
34. Qg4 Rb8 35. Rhg1 Kh8 36. h6 g6 37. Nxf6 Qxf6 38. Bg5 Nc3+ 39. Ka1 Rxd1+ 40.
Rxd1 Qb6 41. Qd7 Rg8 42. Qe7 1-0

[Event "First Saturday 2009 augusztus IM-A"]
[Site "Budapest"]
[Date "2009.08.04"]
[Round "4"]
[White "Szabo, Bence"]
[Black "Farago, Sandor"]
[Result "1-0"]
[WhiteElo "2243"]
[BlackElo "2244"]
[PlyCount "73"]
[EventDate "2009.08.01"]

1. d4 d5 2. c4 c6 3. Nf3 Nf6 4. Nc3 a6 5. c5 Bf5 6. Bf4 Nbd7 7. e3 e6 8. h3 h6
9. Nd2 a5 10. a3 Be7 11. Be2 b5 12. b4 a4 13. O-O O-O 14. f3 Bh7 15. e4 Nh5 16.
Bh2 Bf6 17. e5 Bh4 18. f4 Ng3 19. Bxg3 Bxg3 20. Rf3 Bh4 21. Bd3 Bxd3 22. Rxd3
f5 23. exf6 Bxf6 24. Nf3 Rf7 25. Qd2 Nf8 26. Rf1 Raa7 27. Ne2 g5 28. fxg5 Bxg5
29. Qe1 Ng6 30. Qg3 Qf6 31. Rdd1 Nf4 32. Rde1 Rg7 33. Ne5 Nxe2+ 34. Rxe2 Bh4
35. Qe3 Qg5 36. Qxg5 Bxg5 37. Nxc6 1-0

[Event "First Saturday 2009 augusztus IM-A"]
[Site "Budapest"]
[Date "2009.08.04"]
[Round "4"]
[White "Levitzky, Tibor"]
[Black "Villwock, Martin"]
[Result "1/2-1/2"]
[WhiteElo "2357"]
[BlackElo "2251"]
[PlyCount "47"]
[EventDate "2009.08.01"]

1. d4 Nf6 2. c4 c5 3. d5 e6 4. Nc3 exd5 5. cxd5 d6 6. e4 g6 7. f4 Qe7 8. Bd3
Bg7 9. Nf3 Bg4 10. O-O O-O 11. h3 Bxf3 12. Qxf3 a6 13. a4 Qc7 14. Be3 Nbd7 15.
Rac1 Qa5 16. g4 h6 17. Kh1 Rae8 18. h4 h5 19. g5 Ng4 20. Bd2 b5 21. axb5 axb5
22. e5 dxe5 23. f5 f6 24. Bxb5 1/2-1/2

[Event "First Saturday 2009 augusztus IM-A"]
[Site "Budapest"]
[Date "2009.08.04"]
[Round "4"]
[White "Kahn, Evart dr"]
[Black "Kormos, Adam"]
[Result "1/2-1/2"]
[WhiteElo "2281"]
[BlackElo "2195"]
[PlyCount "23"]
[EventDate "2009.08.01"]

1. d4 Nf6 2. c4 g6 3. Nc3 d5 4. Bg5 Ne4 5. Bh4 Nxc3 6. bxc3 Bg7 7. cxd5 Qxd5 8.
e3 c5 9. Nf3 Nc6 10. Be2 O-O 11. O-O cxd4 12. cxd4 1/2-1/2

[Event "First Saturday 2009 augusztus IM-A"]
[Site "Budapest"]
[Date "2009.08.04"]
[Round "4"]
[White "Simonyi, Zoltan"]
[Black "Lyell, Mark"]
[Result "0-1"]
[WhiteElo "2249"]
[BlackElo "2288"]
[PlyCount "156"]
[EventDate "2009.08.01"]

1. e4 e5 2. Nf3 Nc6 3. Nc3 Nf6 4. Bb5 Nd4 5. Ba4 Bc5 6. Nxe5 O-O 7. Nd3 Bb6 8.
e5 Ne8 9. Nd5 d6 10. Ne3 dxe5 11. Nxe5 Nd6 12. c3 Ne6 13. d4 c5 14. d5 Nf4 15.
Nd3 Nxd3+ 16. Qxd3 c4 17. Qe2 Qc7 18. O-O f5 19. g3 f4 20. gxf4 Rxf4 21. Ng2
Bg4 22. Nxf4 Bxe2 23. Nxe2 Qe7 24. Ng3 Rf8 25. Bd2 Qh4 26. Be3 Bxe3 27. fxe3
Rxf1+ 28. Rxf1 Qg5 29. Rf4 Qxd5 30. Rd4 Qe5 31. e4 a6 32. Bd1 Qf4 33. Kg2 g6
34. Bf3 b5 35. Rd5 Nf7 36. Ne2 Qf6 37. Nd4 Ne5 38. Be2 h5 39. h3 Qf4 40. Nf3
Nxf3 41. Bxf3 h4 42. Kf2 Qg3+ 43. Ke3 Qxh3 44. Rg5 Qe6 45. e5 h3 46. Kf2 Kg7
47. Kg3 Kh6 48. Rg4 Qxe5+ 49. Kxh3 Qe3 50. Kg3 Qd2 51. Rh4+ Kg5 52. Rh2 Qd6+
53. Kg2 Kf5 54. Kg1 Kf4 55. Be2 Ke3 56. Bf1 Qd1 57. Rg2 Qf3 58. Rh2 Qg3+ 59.
Rg2 Qe1 60. Rc2 g5 61. b3 g4 62. bxc4 bxc4 63. Kg2 Qd1 64. Rb2 Qd5+ 65. Kg1 Qc5
66. Kg2 Qd5+ 67. Kg1 Qd1 68. Kg2 Qf3+ 69. Kg1 Qg3+ 70. Rg2 Qe1 71. Rc2 Kf3 72.
a3 g3 73. a4 a5 74. Rb2 Qxc3 75. Bg2+ Ke3 76. Ra2 Qe1+ 77. Bf1 c3 78. Kg2 Qf2+
0-1

[Event "First Saturday 2009 augusztus IM-A"]
[Site "Budapest"]
[Date "2009.08.05"]
[Round "5"]
[White "Kormos, Adam"]
[Black "Simonyi, Zoltan"]
[Result "1-0"]
[WhiteElo "2195"]
[BlackElo "2249"]
[PlyCount "165"]
[EventDate "2009.08.01"]

1. e4 e6 2. d4 d5 3. Nc3 Bb4 4. e5 c5 5. a3 Bxc3+ 6. bxc3 Ne7 7. a4 Nbc6 8. Bb5
Qa5 9. Bd2 c4 10. Bxc6+ Nxc6 11. Nh3 O-O 12. O-O f6 13. exf6 Rxf6 14. f4 Bd7
15. Nf2 Raf8 16. Qe2 Rf5 17. Ng4 Qd8 18. Rf3 Qe8 19. Bc1 R8f7 20. Rg3 Kh8 21.
Bd2 Qf8 22. Rf1 Qd6 23. Rff3 Rf8 24. Rh3 Be8 25. Nf2 Bg6 26. Qe1 R5f7 27. Qc1
Bf5 28. g4 Be4 29. Rfg3 Bg6 30. Rf3 Ne7 31. Rh4 Kg8 32. Rfh3 Rxf4 33. Bxf4 Qxf4
34. Qxf4 Rxf4 35. Re3 Bxc2 36. Rxe6 Kf7 37. Re1 Bxa4 38. Nh3 Ng6 39. Nxf4 Nxh4
40. Rf1 Ke7 41. Nxd5+ Kd6 42. Ne3 Bb3 43. Rf7 a5 44. Rxb7 Nf3+ 45. Kf2 Ng5 46.
Rxg7 Ne4+ 47. Ke1 Nxc3 48. Kd2 Nb5 49. Rxh7 Nxd4 50. h4 a4 51. Nd1 a3 52. Nc3
a2 53. Ra7 Nf3+ 54. Kc1 Nxh4 55. Nxa2 Ke5 56. Nc3 Kf6 57. Ra5 Kg6 58. Kd2 Nf3+
59. Ke3 Ng5 60. Ra6+ Kg7 61. Kd4 Nf7 62. Nd5 Bd1 63. Ne3 Be2 64. Nf5+ Kh7 65.
Rf6 Nh8 66. g5 Bd3 67. Nd6 Kg7 68. Ne8+ Kg8 69. Rb6 Ng6 70. Rb7 Kf8 71. Nd6 Ne7
72. Nxc4 Bg6 73. Ke5 Bh5 74. Nd6 Bf3 75. Rb8+ Kg7 76. Nf5+ Nxf5 77. Kxf5 Bc6
78. g6 Bd7+ 79. Kg5 Bc8 80. Ra8 Be6 81. Ra7+ Kh8 82. Kh6 Bf7 83. Ra8+ 1-0

[Event "First Saturday 2009 augusztus IM-A"]
[Site "Budapest"]
[Date "2009.08.05"]
[Round "5"]
[White "Villwock, Martin"]
[Black "Kahn, Evart dr"]
[Result "0-1"]
[WhiteElo "2251"]
[BlackElo "2281"]
[PlyCount "78"]
[EventDate "2009.08.01"]

1. e4 c5 2. Nf3 d6 3. d4 cxd4 4. Nxd4 Nf6 5. Nc3 g6 6. Be3 Bg7 7. f3 O-O 8. Qd2
Nc6 9. O-O-O d5 10. Nxc6 bxc6 11. exd5 Nxd5 12. Bd4 e5 13. Bc5 Be6 14. Ne4 Rb8
15. h4 f5 16. Ng5 e4 17. Ba3 Qb6 18. c4 Bc3 19. Qc2 Qe3+ 20. Rd2 Nb4 21. Bxb4
Bxb4 22. Nxe6 Rfd8 23. Nxd8 Rxd8 24. Bd3 Rxd3 25. Rhd1 Kg7 26. fxe4 fxe4 27. a3
Bxd2+ 28. Rxd2 Kf6 29. Qd1 Ke5 30. Kc2 Qxd2+ 31. Qxd2 Rxd2+ 32. Kxd2 Kd4 33. b3
c5 34. g4 h6 35. g5 h5 36. Ke2 Kc3 37. b4 Kxc4 38. Ke3 cxb4 39. axb4 Kd5 0-1

[Event "First Saturday 2009 augusztus IM-A"]
[Site "Budapest"]
[Date "2009.08.06"]
[Round "6"]
[White "Szalanczy, Emil"]
[Black "Szabo, Bence"]
[Result "1-0"]
[WhiteElo "2318"]
[BlackElo "2243"]
[PlyCount "53"]
[EventDate "2009.08.01"]

1. e4 c5 2. Nf3 Nc6 3. d4 cxd4 4. Nxd4 Qb6 5. Nb3 Nf6 6. Nc3 e6 7. Bd3 d6 8.
Qe2 a6 9. Bg5 Be7 10. O-O-O O-O 11. f4 Qc7 12. Rhe1 Nb4 13. Kb1 Nxd3 14. Rxd3
h6 15. Bxf6 Bxf6 16. e5 dxe5 17. fxe5 Be7 18. Qh5 Bd7 19. Ne4 Bc6 20. Nf6+ Kh8
21. Rg3 Qd8 22. Rf1 Qc7 23. Qg4 g6 24. Qf4 Kg7 25. Rh3 g5 26. Rg3 Kg6 27. h4
1-0

[Event "First Saturday 2009 augusztus IM-A"]
[Site "Budapest"]
[Date "2009.08.07"]
[Round "7"]
[White "Kormos, Adam"]
[Black "Szalanczy, Emil"]
[Result "1/2-1/2"]
[WhiteElo "2195"]
[BlackElo "2318"]
[PlyCount "127"]
[EventDate "2009.08.01"]

1. e4 c5 2. Nf3 d6 3. d4 cxd4 4. Nxd4 Nf6 5. Nc3 g6 6. Be3 Bg7 7. f3 Nc6 8. Qd2
h5 9. Bc4 Bd7 10. O-O Rc8 11. Bb3 Qa5 12. Rad1 h4 13. h3 Nh5 14. Qf2 Ng3 15.
Rfe1 Ne5 16. Nde2 Nxe2+ 17. Rxe2 b6 18. Bd4 g5 19. f4 gxf4 20. Qxf4 Be6 21. Nd5
Rh5 22. Qf2 Bxd5 23. exd5 f6 24. c3 Rg5 25. Kh1 Rg3 26. Qf5 Kd8 27. Qe6 Qb5 28.
Ree1 Qd7 29. Qxd7+ Kxd7 30. Bf2 f5 31. Ba4+ Kc7 32. Bxg3 hxg3 33. Rf1 Rf8 34.
Rd4 Bh6 35. Bc2 f4 36. Be4 Bg5 37. Bf3 b5 38. a4 a6 39. axb5 axb5 40. Rb4 Nxf3
41. Rxf3 Kb6 42. Kg1 Kc5 43. Rd4 Rf5 44. Rfd3 Re5 45. Kf1 Bh6 46. Rd1 Bg5 47.
Ra1 Kb6 48. Ra8 f3 49. gxf3 Re3 50. Kg2 Re2+ 51. Kxg3 Rxb2 52. h4 Bf6 53. Rd3
Rb1 54. Ra2 Rh1 55. Rb2 Rxh4 56. Rb4 Rc4 57. Rb3 Kc5 58. Kf2 Ra4 59. Rd1 Ra2+
60. Ke3 Rc2 61. Kd3 Rf2 62. Ke3 Rc2 63. Kd3 Rf2 64. Ke3 1/2-1/2

[Event "First Saturday 2009 augusztus IM-A"]
[Site "Budapest"]
[Date "2009.08.07"]
[Round "7"]
[White "Villwock, Martin"]
[Black "Lyell, Mark"]
[Result "0-1"]
[WhiteElo "2251"]
[BlackElo "2288"]
[PlyCount "70"]
[EventDate "2009.08.01"]

1. e4 e5 2. f4 exf4 3. Bc4 d5 4. exd5 Nf6 5. Nf3 Nxd5 6. O-O Be6 7. Bb3 c5 8.
Ne5 Bd6 9. Ba4+ Kf8 10. Qe2 Qf6 11. Nc4 Bc7 12. d3 a6 13. Bb3 Nc6 14. Nc3 b5
15. Nd2 Nd4 16. Qh5 Nf5 17. Nde4 Qd4+ 18. Kh1 g6 19. Qf3 c4 20. dxc4 bxc4 21.
Ba4 Nde3 22. Re1 Kg7 23. Ne2 Qxe4 24. Qxe4 Bd5 25. Nc3 Bxe4 26. Nxe4 Bb6 27.
Bd2 Rad8 28. Bb4 a5 29. Bc3+ Bd4 30. Bd2 Bxb2 31. Rab1 c3 32. Bxc3+ Bxc3 33.
Nxc3 Rd2 34. Rb7 Nxg2 35. Reb1 Ngh4 0-1

[Event "First Saturday 2009 augusztus IM-A"]
[Site "Budapest"]
[Date "2009.08.07"]
[Round "7"]
[White "Farago, Sandor"]
[Black "Simonyi, Zoltan"]
[Result "0-1"]
[WhiteElo "2244"]
[BlackElo "2249"]
[PlyCount "70"]
[EventDate "2009.08.01"]

1. e4 e6 2. d4 d5 3. Nc3 Bb4 4. e5 c5 5. a3 Bxc3+ 6. bxc3 Ne7 7. Nf3 Nbc6 8.
Bd3 Qa5 9. Bd2 c4 10. Be2 Qa4 11. O-O O-O 12. Ng5 f6 13. exf6 Rxf6 14. f4 h6
15. Nh3 Bd7 16. Be1 Nf5 17. Qd2 Raf8 18. g4 Nd6 19. Bh4 Ne4 20. Qe3 R6f7 21. g5
Ne7 22. Bh5 g6 23. Bf3 Nf5 24. Qe1 Qxc2 25. Rc1 Qd3 26. gxh6 Nd2 27. Bg2 Nxf1
28. Bxf1 Nxh4 29. Qf2 Qd2 30. Qxh4 Qxc1 31. Qg3 Kh8 32. Kg2 e5 33. Be2 exf4 34.
Qg5 Bxh3+ 35. Kxh3 Qe3+ 0-1

[Event "First Saturday 2009 augusztus IM-A"]
[Site "Budapest"]
[Date "2009.08.07"]
[Round "7"]
[White "Szabo, Bence"]
[Black "Levitzky, Tibor"]
[Result "1/2-1/2"]
[WhiteElo "2243"]
[BlackElo "2357"]
[PlyCount "49"]
[EventDate "2009.08.01"]

1. d4 Nf6 2. c4 g6 3. Nc3 Bg7 4. e4 d6 5. Bd3 O-O 6. Nge2 c5 7. d5 e6 8. h3
exd5 9. cxd5 Nfd7 10. O-O Ne5 11. Bc2 Na6 12. f4 Nd7 13. Be3 Rb8 14. Rb1 b5 15.
Qd2 b4 16. Nd1 Nc7 17. b3 Ba6 18. Nb2 Bxe2 19. Qxe2 Nb5 20. Nd1 Re8 21. Bd3 a6
22. Qf3 Nd4 23. Bxd4 Bxd4+ 24. Kh1 Nf8 25. Nf2 1/2-1/2

[Event "First Saturday 2009 augusztus IM-A"]
[Site "Budapest"]
[Date "2009.08.08"]
[Round "8"]
[White "Szalanczy, Emil"]
[Black "Levitzky, Tibor"]
[Result "1/2-1/2"]
[WhiteElo "2318"]
[BlackElo "2357"]
[PlyCount "57"]
[EventDate "2009.08.01"]

1. e4 c5 2. Nf3 Nc6 3. d4 cxd4 4. Nxd4 Nf6 5. Nc3 e5 6. Ndb5 d6 7. Bg5 a6 8.
Na3 b5 9. Bxf6 gxf6 10. Nd5 f5 11. Bd3 Be6 12. c3 Bg7 13. Nc2 Bxd5 14. exd5 Ne7
15. Nb4 O-O 16. O-O Qb6 17. Bc2 f4 18. a4 bxa4 19. Rxa4 f5 20. Qf3 Ng6 21. Qh5
e4 22. g4 fxg3 23. hxg3 a5 24. Kg2 axb4 25. Rxa8 Rxa8 26. Qxf5 bxc3 27. bxc3
Qc7 28. Bxe4 Qf7 29. c4 1/2-1/2

[Event "First Saturday 2009 augusztus IM-A"]
[Site "Budapest"]
[Date "2009.08.08"]
[Round "8"]
[White "Kahn, Evart dr"]
[Black "Szabo, Bence"]
[Result "1/2-1/2"]
[WhiteElo "2281"]
[BlackElo "2243"]
[PlyCount "76"]
[EventDate "2009.08.01"]

1. e4 c5 2. Nc3 d6 3. f4 Nc6 4. Nf3 g6 5. b3 Bg7 6. Bb2 e6 7. Bb5 Nge7 8. O-O
O-O 9. Bxc6 Nxc6 10. Na4 Nd4 11. Bxd4 cxd4 12. Nb2 e5 13. Nd3 Qe7 14. Re1 b6
15. Qc1 Bg4 16. Nb4 Bxf3 17. Nd5 Qh4 18. gxf3 exf4 19. d3 Be5 20. Re2 h5 21. a4
Kh8 22. a5 bxa5 23. Rxa5 g5 24. Qe1 Qh3 25. Qf1 Qd7 26. h3 Rg8 27. Rh2 Qb7 28.
Qa1 f6 29. Qa4 Rg7 30. Rb5 Qc8 31. Qc4 Qd8 32. Kf1 Rh7 33. Qa4 Qg8 34. Qb4 Qc8
35. Qc4 Qxc4 36. bxc4 a5 37. Nb6 Ra6 38. Na4 Rc7 1/2-1/2

[Event "First Saturday 2009 augusztus IM-A"]
[Site "Budapest"]
[Date "2009.08.08"]
[Round "8"]
[White "Lyell, Mark"]
[Black "Farago, Sandor"]
[Result "1/2-1/2"]
[WhiteElo "2288"]
[BlackElo "2244"]
[PlyCount "88"]
[EventDate "2009.08.01"]

1. e4 c5 2. Nc3 e6 3. f4 d5 4. Nf3 a6 5. g3 b5 6. Qe2 b4 7. Nd1 Nf6 8. exd5
Nxd5 9. b3 Be7 10. Bb2 O-O 11. Bg2 Nc6 12. O-O a5 13. Ne5 Nxe5 14. fxe5 Ba6 15.
d3 Bg5 16. Nf2 Rc8 17. Ne4 Be3+ 18. Kh1 Bd4 19. Bxd4 cxd4 20. Nd6 Rc5 21. Bxd5
Rxd5 22. Nc4 Bb7 23. Kg1 Rc5 24. h4 Qd5 25. Kh2 f5 26. Rf4 Rc7 27. Re1 g5 28.
hxg5 Rg7 29. Qf2 Rxg5 30. Rg1 Rg4 31. Qe2 h5 32. Qd2 Kh7 33. Rgf1 h4 34. Rxg4
fxg4 35. Qe2 Rf3 36. Rxf3 gxf3 37. Qf2 Qd8 38. gxh4 Qg8 39. Qg3 Qf8 40. Kg1 Qh6
41. Qg5 Qxg5+ 42. hxg5 Kg6 43. Nxa5 Bd5 44. Nc4 Kxg5 {after 20 muve remis}
1/2-1/2

[Event "First Saturday 2009 augusztus IM-A"]
[Site "Budapest"]
[Date "2009.08.08"]
[Round "8"]
[White "Kormos, Adam"]
[Black "Villwock, Martin"]
[Result "1-0"]
[WhiteElo "2195"]
[BlackElo "2251"]
[PlyCount "65"]
[EventDate "2009.08.01"]

1. e4 c5 2. Nf3 Nc6 3. d4 cxd4 4. Nxd4 Nf6 5. Nc3 e5 6. Ndb5 d6 7. Bg5 a6 8.
Na3 b5 9. Bxf6 gxf6 10. Nd5 f5 11. g3 fxe4 12. Bg2 Be6 13. Bxe4 Rc8 14. Qh5 Bg7
15. Rd1 Ne7 16. O-O Rc5 17. Nxe7 Qxe7 18. b4 d5 19. bxc5 dxe4 20. Rd6 O-O 21.
Rfd1 Qa7 22. c6 e3 23. Qf3 Bh6 24. fxe3 Qc5 25. R1d3 Bg5 26. Rxe6 fxe6 27. Qg4
e4 28. Qxe6+ Kh8 29. Qxe4 Bf6 30. Rd7 Bg7 31. Nb1 Qh5 32. Qe7 Qh6 33. c7 1-0

[Event "First Saturday 2009 augusztus IM-A"]
[Site "Budapest"]
[Date "2009.08.09"]
[Round "9"]
[White "Villwock, Martin"]
[Black "Szalanczy, Emil"]
[Result "0-1"]
[WhiteElo "2251"]
[BlackElo "2318"]
[PlyCount "54"]
[EventDate "2009.08.01"]

1. e4 c5 2. Nf3 d6 3. d4 cxd4 4. Nxd4 Nf6 5. Nc3 g6 6. Be3 Bg7 7. f3 Nc6 8. Qd2
h5 9. g3 Bd7 10. O-O-O Rc8 11. Kb1 a6 12. h3 Qc7 13. Rh2 Kf8 14. f4 Kg8 15. Nf3
b5 16. Ng5 Be8 17. Bd3 Na5 18. Re2 e6 19. Rf2 Nh7 20. e5 Nxg5 21. fxg5 d5 22.
Ne2 Nc6 23. Rdf1 Qxe5 24. Rf6 d4 25. Bf4 Qd5 26. g4 Bxf6 27. gxf6 e5 0-1

[Event "First Saturday 2009 augusztus IM-A"]
[Site "Budapest"]
[Date "2009.08.09"]
[Round "9"]
[White "Farago, Sandor"]
[Black "Kormos, Adam"]
[Result "0-1"]
[WhiteElo "2244"]
[BlackElo "2195"]
[PlyCount "62"]
[EventDate "2009.08.01"]

1. e4 c5 2. Nf3 d6 3. d4 cxd4 4. Nxd4 Nf6 5. Nc3 g6 6. Be3 Bg7 7. Bc4 Nc6 8. f3
O-O 9. Qd2 Bd7 10. O-O-O Rc8 11. Bb3 Nxd4 12. Bxd4 b5 13. e5 dxe5 14. Bxe5 Bc6
15. Qe3 Qa5 16. Bxf6 Bxf6 17. Nd5 Bxd5 18. Rxd5 a6 19. Rd3 Qc7 20. h4 a5 21. a4
bxa4 22. Bxa4 Qg3 23. Qd2 Rc4 24. Bb3 Rxh4 25. Rxh4 Qxh4 26. Qxa5 Qh1+ 27. Rd1
Bxb2+ 28. Kxb2 Qxd1 29. Qc3 Ra8 30. Ba2 Qd6 31. Bb3 Qa6 0-1

[Event "First Saturday 2009 augusztus IM-A"]
[Site "Budapest"]
[Date "2009.08.09"]
[Round "9"]
[White "Levitzky, Tibor"]
[Black "Kahn, Evart dr"]
[Result "1/2-1/2"]
[WhiteElo "2357"]
[BlackElo "2281"]
[PlyCount "36"]
[EventDate "2009.08.01"]

1. e4 e5 2. Nf3 Nf6 3. Nxe5 d6 4. Nf3 Nxe4 5. Nc3 Nxc3 6. dxc3 Be7 7. Bf4 Bf5
8. Qd2 Nc6 9. O-O-O O-O 10. Nd4 Nxd4 11. cxd4 Qd7 12. Bd3 Bxd3 13. Qxd3 Rfe8
14. Rhe1 Bf6 15. c3 Rxe1 16. Rxe1 Re8 17. Rxe8+ Qxe8 18. Qe3 Qxe3+ 1/2-1/2